000 01125nam a22002297a 4500
005 20120203111810.0
010 _aB-452351-353
020 _a9780143067153
_c275.00
035 _aB-452351-353
037 _bVirtuous Pub/Ven
082 _aN
100 _aDeshpande,Shashi
_942389
245 _aIn the country of deceit /
_cby Shashi Deshpande
260 _aNew Delhi
_bPenguin Books
_c2008
270 _a11 Community Centre,Panchsheel Park,
_bNew Delhi
_e110017
300 _a259p.
_c20cm(pbk)
942 _2ddc
_cEN
_mDES
_hN
999 _c61933
_d61933